[Event "White Nights Open"]
[Site "St Petersburg RUS"]
[Date "2008.06.21"]
[Round "1"]
[White "Volkova,S"]
[Black "Abramov,Valen"]
[Result "0-1"]
[WhiteElo "2012"]
[BlackElo "2321"]

1.e4 c5 2.c3 Nf6 3.e5 Nd5 4.d4 cxd4 5.cxd4 Nc6 6.Nf3 d6 7.Bc4 Nb6 8.Bb5 Bd7
9.Nc3 e6 10.O-O a6 11.Bd3 dxe5 12.dxe5 Nb4 13.Be4 Bc6 14.Bxc6+ Nxc6 15.Be3 Qxd1
16.Raxd1 Nc4 17.Bf4 Nxb2 18.Rb1 Nd3 19.Bg3 b5 20.Ne4 Rd8 21.Rfd1 Rd5 22.h3 Be7
23.Rb3 Ndxe5 24.Rxd5 Nxf3+ 25.gxf3 exd5 26.Nc3 d4 27.Nd5 Kd7 28.Nc7 Bd6 29.Nxa6 Ra8
30.Bxd6 Kxd6 31.Nb4 Nxb4 32.Rxb4 Kc5 33.Rb2 Ra3  0-1

[Event "Open"]
[Site "Teplice CZE"]
[Date "2008.06.22"]
[Round "9"]
[White "Dolezal,Ra2"]
[Black "Chmelik,J"]
[Result "1/2-1/2"]
[WhiteElo "2023"]
[BlackElo "2128"]

1.e4 c5 2.c3 Nf6 3.e5 Nd5 4.d4 cxd4 5.cxd4 e6 6.Nf3 b6 7.Bd3 Ba6 8.O-O Be7
9.Be3 O-O 10.Qe2 Bxd3 11.Qxd3 Nc6 12.Nc3 Nxc3 13.Qxc3 Rc8 14.Qd3 Nb4  1/2-1/2

[Event "22th Open"]
[Site "Pula CRO"]
[Date "2008.06.23"]
[Round "3"]
[White "Lyell,M"]
[Black "Sakelsek,T"]
[Result "0-1"]
[WhiteElo "2237"]
[BlackElo "2408"]

1.e4 c5 2.c3 Nf6 3.e5 Nd5 4.d4 cxd4 5.Nf3 e6 6.cxd4 d6 7.Bc4 Nc6 8.O-O Be7
9.Qe2 O-O 10.Re1 a6 11.h3 b5 12.Bxd5 exd5 13.Nc3 dxe5 14.Nxe5 Nxe5 15.Qxe5 Be6
16.Bf4 Re8 17.Qe3 Qd7 18.Qg3 Rac8 19.Re2 b4 20.Nd1 Bf6 21.Be5 Bxe5 22.Rxe5 Rc4
23.Qd3 Qa7 24.Rh5 g6 25.Rh4 Bf5 26.Qd2 Re4 27.Rxe4 Bxe4 28.Qg5 Qxd4 29.Ne3 Qxb2
30.Rf1 Rc1 31.Qd8+ Kg7 32.Rxc1 Qxc1+ 33.Kh2 Qb2 34.f3 Qe5+ 35.Kh1 Bxf3 36.Qb6 d4
37.Nc4 Bxg2+  0-1

[Event "22th Open"]
[Site "Pula CRO"]
[Date "2008.06.24"]
[Round "5"]
[White "Schneider,Ve"]
[Black "Saric,A"]
[Result "0-1"]
[WhiteElo "2261"]
[BlackElo "2505"]

1.e4 c5 2.c3 Nf6 3.e5 Nd5 4.Nf3 Nc6 5.d4 cxd4 6.cxd4 d6 7.Bc4 e6 8.O-O Be7
9.Re1 O-O 10.exd6 Qxd6 11.Nc3 a6 12.Bb3 Rd8 13.Nxd5 exd5 14.Ne5 Nxe5 15.dxe5 Qg6
16.Bd2 Bg4 17.Qc2 Bf5 18.Qc3 Rac8 19.Qg3 Qxg3 20.hxg3 Bc2 21.Rec1 Bxb3 22.axb3 Rc5
23.Kf1 Rb5 24.Rc7 Kf8 25.Rd1 d4 26.b4 Bxb4 27.Bc3 Bc5 28.Rxc5 Rxc5 29.Bb4 b6
30.Ke2 Re8 31.f4 f6 32.Rxd4 fxe5 33.fxe5 Rxe5+ 34.Kd3 a5 35.Bxc5+ Rxc5 36.b4 Rg5
37.g4 a4 38.b5 Rxb5 39.Rxa4 Rb2 40.Ke3 b5 41.Ra8+ Kf7 42.g3 Rb4 43.Kf3 h6
44.Ra6 Rc4 45.Rb6 b4 46.Rb7+ Kf6 47.Rb5 Rc3+ 48.Kf4 b3 49.Rb6+ Ke7 50.Rb7+ Ke6
51.Rb6+ Kd5 52.Rg6 Rc4+ 53.Kf5 Rb4 54.Rxg7 b2 55.Rd7+ Kc6  0-1

[Event "White Nights Open"]
[Site "St Petersburg RUS"]
[Date "2008.06.24"]
[Round "4"]
[White "Melnikov,N1"]
[Black "Chernov,Vl3"]
[Result "0-1"]
[WhiteElo "1853"]
[BlackElo "2037"]

1.e4 c5 2.c3 Nf6 3.e5 Nd5 4.d4 cxd4 5.cxd4 d6 6.Bc4 Nb6 7.Bb5+ Bd7 8.Bd3 dxe5
9.dxe5 g6 10.Nf3 Bg7 11.O-O O-O 12.Re1 Nc6 13.Nc3 Bg4 14.Bf4 Nd4 15.Be4 Nxf3+
16.Bxf3 Qxd1 17.Bxd1 Bxd1 18.Raxd1 Rfd8 19.b3 Rac8 20.Rxd8+ Rxd8 21.Kf1 h6
22.Ke2 g5 23.Bg3 Rc8 24.Kd3 Nd7 25.f4 Nc5+ 26.Kd2 gxf4 27.Bxf4 Rd8+ 28.Kc2 Nd3
29.Rd1 Nb4+ 30.Kb1 Rxd1+ 31.Nxd1 Nc6 32.e6 fxe6 33.Ne3 Kf7 34.a3 h5 35.b4 b5
36.Nc2 e5 37.Be3 Ke6 38.Ka2 Kd5 39.Bc5 e6 40.a4 bxa4 41.Ka3 a6 42.Kxa4 Bh6
43.Be3 Bf8 44.g3 Kc4 45.Na3+ Kd3 46.Bc5 Bxc5 47.bxc5 e4  0-1

[Event "22th Open"]
[Site "Pula CRO"]
[Date "2008.06.25"]
[Round "6"]
[White "Borsos,B"]
[Black "Kalabic,F"]
[Result "1/2-1/2"]
[WhiteElo "2354"]
[BlackElo "2142"]

1.e4 c5 2.c3 Nf6 3.e5 Nd5 4.d4 cxd4 5.Nf3 Nc6 6.Bc4 Nb6 7.Bb3 d5 8.exd6 Qxd6
9.Na3 a6 10.O-O d3 11.Be3 Nd7 12.Re1 Na5 13.Nc4 Nxc4 14.Bxc4 d2 15.Nxd2 e6
16.Bd4 Qc6 17.Be2 Nf6 18.Bf3 Qc7 19.Be5 Bd6 20.Bxd6 Qxd6 21.Nc4 Qxd1 22.Raxd1 Ke7
23.Nd6 Rb8 24.Nf5+ Ke8 25.Nxg7+ Kf8 26.Nh5 Nd7 27.Rd2 b5 28.Bc6 Ke7 29.f4 Rb6
30.Bf3 Rd6 31.Rxd6 Kxd6 32.Kf2 Nc5 33.Ke3 Ke7 34.b3 Bb7 35.Bxb7 Nxb7 36.g4 Rc8
37.Kd2 Rc5 38.Re5 Rc6 39.Ng3 Nd6 40.Rh5 Ne8 41.Ne4 Nc7 42.Rxh7 Nd5 43.h4 Kf8
44.f5 exf5 45.gxf5 Kg8 46.Rh5 f6 47.Rh6 Kg7 48.Rg6+ Kf7 49.Ng5+ Ke7 50.Rg7+ Kf8
51.Rd7 fxg5 52.Rxd5 gxh4 53.Rd3 Rh6 54.Rh3 Kf7 55.Ke3 Kf6 56.Kf4 Rh8 57.Kg4 Rg8+
58.Kxh4 Rh8+ 59.Kg4 Rg8+  1/2-1/2

[Event "White Nights Open"]
[Site "St Petersburg RUS"]
[Date "2008.06.26"]
[Round "6"]
[White "Sivokho,S"]
[Black "Popov,Val"]
[Result "0-1"]
[WhiteElo "2467"]
[BlackElo "2525"]

1.e4 c5 2.c3 Nf6 3.e5 Nd5 4.d4 cxd4 5.Nf3 Nc6 6.Bc4 Nb6 7.Bb3 d5 8.exd6 Qxd6
9.O-O Be6 10.Na3 dxc3 11.Qe2 Bxb3 12.Nb5 Qb8 13.axb3 e6 14.g3 Qc8 15.bxc3 a6
16.Nbd4 Nxd4 17.Nxd4 Be7 18.c4 O-O 19.Be3 Nd7 20.Rab1 Rd8 21.b4 Ne5 22.Rfc1 h6
23.h4 Bf8 24.b5 Bc5 25.bxa6 Rxa6 26.Rb5 Rxd4 27.Bxd4 Bxd4 28.Rxe5 Qc7 29.Re3 Bxe3
30.Qxe3 Rc6 31.Qb3 Rb6 32.Qa3 Rd6 33.c5 Rd8 34.Qb4 Qc6 35.Qf4 Rd5 36.Qe3 g5
37.hxg5 Rxg5 38.Qd4 Kh7 39.Qd3+ Kg7 40.Qd4+ f6 41.Rb1 Rxc5 42.Rxb7+ Qxb7
43.Qxc5 Qd7 44.Qh5 Qa4 45.Qf3 Qa1+ 46.Kg2 Qd4 47.Kg1 Kg6 48.Qb3 Qa1+ 49.Kg2 Qe5
50.Qa4 Kf5 51.Kh2 h5 52.Qd1 Kg6 53.Qc2+ Qf5 54.Qe2 e5 55.Qa2 Kh6 56.Kg1 h4
57.gxh4 Qg4+ 58.Kf1 Qh3+ 59.Ke2 Qxh4 60.Qg8 Qe4+ 61.Kf1 Qd3+ 62.Ke1 Kh5 63.Qg7 Qg6
64.Qb7 Qf5 65.Qh1+ Kg5 66.Qg2+ Qg4 67.Qb7 Qh4 68.Ke2 Qc4+ 69.Ke3 Qc3+ 70.Ke2 Kf4
71.Qa6 Kf5 72.Qb7 Qc4+ 73.Kd2 Qd4+ 74.Kc1 Qxf2 75.Qh7+ Kf4 76.Qh6+ Ke4 77.Qh7+ f5
78.Qb7+ Kf4 79.Qb8 Qe1+ 80.Kc2 Qe2+ 81.Kc1 Kf3 82.Qh8 Qf1+ 83.Kd2 Qg2+ 84.Kd1 Qg1+
85.Kd2 Qg5+ 86.Kd1 e4 87.Qh3+ Kf2 88.Qh2+ Qg2 89.Qh4+ Qg3 90.Qh7 Qg4+ 91.Kc1 Qf4+
92.Kd1 e3 93.Qa7 Qf3+ 94.Kc1 Kf1 95.Qc5 e2 96.Qb5 f4 97.Kc2 Qe4+ 98.Kc1 f3
99.Kd2 Qb4+  0-1

[Event "Atlantis Meestertienkamp"]
[Site "Groningen NED"]
[Date "2008.06.27"]
[Round "1"]
[White "Bedouin,X"]
[Black "Kodentsov,G"]
[Result "1-0"]
[WhiteElo "2369"]
[BlackElo "2275"]

1.e4 c5 2.c3 Nf6 3.e5 Nd5 4.Nf3 Nc6 5.Bc4 Nb6 6.Bb3 d5 7.exd6 Qxd6 8.Na3 Be6
9.Nb5 Qd7 10.d4 Bxb3 11.axb3 a6 12.Na3 cxd4 13.cxd4 g6 14.O-O Bg7 15.Be3 O-O
16.Nc4 Nd5 17.Qe2 Rac8 18.Nfe5 Qe6 19.Nxc6 Rxc6 20.Rfd1 Rfc8 21.Qd2 b5 22.Na3 Qd7
23.h3 e6 24.Rac1 Bf8 25.Bh6 Bb4 26.Qe2 Rxc1 27.Rxc1 Rxc1+ 28.Bxc1 Bxa3 29.bxa3 Qc6
30.Bh6 f6 31.Bd2 Kf7 32.Qd3 Ne7 33.g4 Qd5 34.Qc3 h5 35.Qc7 Qc6 36.Qa7 Ke8
37.Bb4 Nc8 38.Qg7 Qc1+ 39.Kg2 Qc6+ 40.Kh2 hxg4 41.Qxg6+ Kd8 42.Qxf6+ Kc7
43.hxg4 Qc2 44.Qf3 Qh7+ 45.Kg2 Qg7 46.Bc5 a5 47.Qe4 Qh6 48.f4 b4 49.axb4 axb4
50.Bxb4 Na7 51.Qe5+ Kb7 52.Bd6 Qg6 53.Qe2 Kc6 54.Be5 Nb5 55.f5 exf5 56.Qf3+ Kb6
57.Qxf5 Qc6+ 58.Qf3 Qc2+ 59.Kh3 Nc3 60.d5 Ne2 61.Qe3+ Kb7 62.d6 Qd1 63.Qe4+ Kb6
64.Kh4 Qe1+ 65.Kg5 Qd2+ 66.Kg6 Kb5 67.d7 Nc1 68.Qa4+ Kb6 69.Bd4+ Kc7 70.Qc4+ Kxd7
71.Qd5+ Kc8 72.Qc6+ Kb8 73.Be5+ Ka7 74.Qc7+ Ka6 75.Qc4+ Kb7 76.Bf4 Qd3+ 77.Qxd3 Nxd3
78.Be3 Kc6 79.g5 Kd5 80.Kf6 Ne5 81.Bf4 Nd7+ 82.Kf7 Nc5 83.g6 Ne6 84.g7 Nxg7
85.Kxg7 Kc5 86.Bd2  1-0

[Event "TCh-TUR"]
[Site "Kocaeli TUR"]
[Date "2008.06.27"]
[Round "7"]
[White "Mecit,E"]
[Black "Deruni,B"]
[Result "0-1"]
[WhiteElo "2036"]
[BlackElo "2015"]

1.e4 c5 2.c3 Nf6 3.e5 Nd5 4.d4 cxd4 5.Nf3 e6 6.cxd4 d6 7.Bc4 Nc6 8.O-O Be7
9.Qe2 O-O 10.Rd1 Qc7 11.Nc3 Nxc3 12.bxc3 dxe5 13.dxe5 b6 14.Bd3 Bb7 15.Bf4 Rac8
16.Rac1 Na5 17.Ng5 h6 18.Ne4 Nc4 19.Qh5 Rfd8 20.f3 Nb2 21.Nf2 Nxd3 22.Nxd3 Qc4  0-1

[Event "Svein Johannessen Mem"]
[Site "Oslo NOR"]
[Date "2008.06.27"]
[Round "1"]
[White "Snellingen,J"]
[Black "Matthiesen,M"]
[Result "1/2-1/2"]
[WhiteElo "1932"]
[BlackElo "2365"]

1.e4 c5 2.c3 Nf6 3.e5 Nd5 4.Nf3 Nc6 5.d4 cxd4 6.cxd4 d6 7.Bc4 Nb6 8.Bb3 d5
9.h3 Bf5 10.Bc2 Bxc2 11.Qxc2 e6 12.O-O Be7 13.a4 Rc8 14.Qe2 Na5 15.Qb5+ Nd7
16.Bd2 b6 17.Na3 O-O 18.Bb4 Bxb4 19.Qxb4 a6 20.Rac1 Rc6 21.Rxc6 Nxc6 22.Qb3 Qe7
23.Rc1 Rc8 24.Qd3 Ndb8 25.Qc3 Qf8 26.Rc2 Nd7 27.Qd2 h6 28.b4 a5 29.b5 Qxa3
30.Rxc6 Rd8 31.Qc2 Qe7 32.Rc7 Kf8 33.Qc6 Ke8 34.Rb7 Qb4 35.Rxb6 Qxa4 36.Ra6 Qb4
37.b6 Rb8 38.Ra7 Rd8 39.b7 Qb6 40.Qxb6 Nxb6 41.Ra6 Nd7 42.Rxa5  1/2-1/2

[Event "White Nights Open"]
[Site "St Petersburg RUS"]
[Date "2008.06.27"]
[Round "7"]
[White "Karalkin,M"]
[Black "Kopasov,A"]
[Result "1/2-1/2"]
[WhiteElo "2261"]
[BlackElo "2041"]

1.e4 c5 2.c3 Nf6 3.e5 Nd5 4.Nf3 Nc6 5.Na3 d6 6.exd6 e6 7.Nc4 Bxd6 8.Nxd6+ Qxd6
9.d4 cxd4 10.Nxd4 O-O 11.Nxc6 Qxc6 12.Be2 b5 13.a4 Ba6 14.axb5 Bxb5 15.O-O Bxe2
16.Qxe2 Rfc8 17.h3 a5 18.Qg4 Qc4 19.Qg3 Qc7 20.Qf3 a4 21.Ra3 Nb6 22.Re1 Nc4
23.Ra2 Ne5 24.Qg3 Nc4 25.Qxc7 Rxc7 26.Rd1 Rcc8 27.Kf1 h6 28.Ke2 e5 29.Rd7 a3
30.b4 Nb6 31.Rd6 Na4 32.Bd2 Nxc3+ 33.Bxc3 Rxc3 34.Rd3 Rc4 35.Rb3 Rb8 36.b5 Rc5
37.Raxa3 Rbxb5 38.Rxb5 Rxb5 39.h4 g5 40.hxg5 hxg5 41.g3 Kg7 42.Kf3 Kg6 43.g4 f6
44.Ke3 Rb4 45.Kf3 Rf4+ 46.Kg3 e4 47.Rb3 Kf7 48.Rb6 Ke7 49.Ra6 Rf3+ 50.Kg2 Kf7
51.Rb6 Rd3 52.Rb4 e3 53.Re4 exf2 54.Kxf2  1/2-1/2

[Event "Duras IM Dopravni"]
[Site "Brno CZE"]
[Date "2008.06.28"]
[Round "2"]
[White "Chladek,Va"]
[Black "Skacelik,P"]
[Result "1/2-1/2"]
[WhiteElo "2161"]
[BlackElo "2260"]

1.e4 c5 2.c3 Nf6 3.e5 Nd5 4.d4 cxd4 5.Qxd4 e6 6.Nf3 Nc6 7.Qe4 f5 8.Qe2 Qc7
9.g3 Nde7 10.Bg2 Ng6 11.Bf4 Nxf4 12.gxf4 Be7 13.Nbd2  1/2-1/2

[Event "TCh-TUR"]
[Site "Kocaeli TUR"]
[Date "2008.06.28"]
[Round "8"]
[White "Yilmazyerli,M"]
[Black "Kanmazalp,O"]
[Result "1/2-1/2"]
[WhiteElo "2207"]
[BlackElo "2281"]

1.e4 c5 2.c3 Nf6 3.e5 Nd5 4.d4 cxd4 5.Nf3 e6 6.cxd4 d6 7.Bc4 Nc6 8.O-O Be7
9.Qe2 O-O 10.Qe4 Bd7 11.Nbd2 Rc8 12.Re1 Ndb4 13.exd6 Bxd6 14.a3 Na5 15.b3 Bc6
16.Qb1 Nxc4 17.bxc4 Na6 18.Qd3 Nc5 19.Qe3 Na4 20.Rb1 Qf6 21.Rb3 Qg6 22.h3 Rfd8
23.c5 Bc7 24.Ne4 Rd7 25.g4 Rcd8 26.Nh4 Qxe4 27.Qxe4 Bxe4 28.Rxe4  1/2-1/2

[Event "XII Izmailov Mem"]
[Site "Tomsk RUS"]
[Date "2008.06.28"]
[Round "4"]
[White "Gankin,S"]
[Black "Zhumabayev,R"]
[Result "0-1"]
[WhiteElo "2276"]
[BlackElo "2442"]

1.e4 c5 2.c3 Nf6 3.e5 Nd5 4.d4 cxd4 5.Nf3 Nc6 6.cxd4 d6 7.Bc4 Nb6 8.Bb5 dxe5
9.Nxe5 Bd7 10.Nxd7 Qxd7 11.Nc3 e6 12.O-O Be7 13.Qg4 O-O 14.Rd1 Rfd8 15.Bh6 g6
16.Bg5 Bxg5 17.Qxg5 Qe7 18.Qe3 Nb4 19.Rac1 Rac8 20.d5 N4xd5 21.Nxd5 Rxd5
22.Rxc8+ Nxc8 23.Rc1 Nd6 24.Be2 b6 25.Bf3 Nf5 26.Qf4 Rc5 27.Rd1 Rc2 28.Be4 Rxb2
29.Bxf5 exf5 30.a3 Qe4 31.Qc1 Qc2 32.Qxc2 Rxc2 33.g3 Rc3 34.a4 Ra3 35.Rd4 Kg7
36.Kg2 Kf6 37.f4 Ke6 38.Kf2 Ra2+ 39.Kg1 Re2 40.Rd8 Re4 41.a5 bxa5 42.Ra8 Kd5
43.Rxa7 a4 44.Rxf7 Kc4  0-1

[Event "Duras IM Dopravni"]
[Site "Brno CZE"]
[Date "2008.06.29"]
[Round "4"]
[White "Chladek,Va"]
[Black "Lahner,J"]
[Result "0-1"]
[WhiteElo "2161"]
[BlackElo "2314"]

1.e4 c5 2.c3 Nf6 3.e5 Nd5 4.d4 cxd4 5.Qxd4 e6 6.Nf3 Nc6 7.Qe4 f5 8.Qe2 Qc7
9.g3 b6 10.Nbd2 a5 11.Bg2 Ba6 12.c4 Ncb4 13.O-O Rc8 14.a3 Nc2 15.Ra2 Bxc4
16.Nxc4 Qxc4 17.Qxc4 Rxc4 18.Rd1 Be7 19.Bf1 Rc7 20.b3 Kf7 21.Bc4 Rhc8 22.Rxc2 b5
23.Rxd5 exd5 24.Bxd5+ Kf8 25.Rxc7 Rxc7 26.Bd2 Bxa3 27.Bxa5 Rc5 28.Bb7 Rc1+
29.Kg2 Rb1 30.Nd4 Bc5 31.Bc3 b4 32.Bxb4 Bxb4 33.Nxf5 Rxb3 34.Bd5 Rb2 35.Ne3 Be1
36.Nd1 Re2  0-1

[Event "XVI Open"]
[Site "Montcada i Reixac ESP"]
[Date "2008.06.29"]
[Round "5"]
[White "Jerez Perez,A"]
[Black "Petrov,Marij"]
[Result "0-1"]
[WhiteElo "2411"]
[BlackElo "2489"]

1.e4 c5 2.c3 Nf6 3.e5 Nd5 4.d4 cxd4 5.Nf3 e6 6.cxd4 d6 7.Bc4 Nc6 8.O-O Be7
9.Qe2 O-O 10.Qe4 Re8 11.Nbd2 Ndb4 12.exd6 Qxd6 13.Nb3 b6 14.Bf4 Qd8 15.Ne5 Nxe5
16.dxe5 Rb8 17.Rfd1 Bb7 18.Qe3 Qc7 19.Bb5 Nd5 20.Qd4 Nxf4 21.Rac1 Bc5 22.Qxf4 Red8
23.Nxc5 bxc5 24.Bf1 Qa5 25.a3 Rxd1 26.Rxd1 Bd5 27.Rd2 Rb3 28.h4 h6 29.Rc2 Qb6
30.Qc1 Qb8 31.Rxc5 Qxe5 32.Rc8+ Kh7 33.Rc3 Rxc3 34.bxc3 Qe4 35.c4 Bc6 36.h5 Qe5
37.Qe3 Qxe3 38.fxe3 Kg8 39.c5 Kf8 40.Kf2 Ke7 41.Ba6 Kf6 42.Bc4 a5 43.Bd3 Ke5
44.Bc4 f5 45.Kf1 Be8 46.Kf2 Bxh5 47.c6 Kd6 48.c7 Kxc7 49.Bxe6 Bg6 50.Bb3 Kd6
51.Kf3 Ke5 52.Ke2 f4 53.Kf2 Bd3 54.Bg8 g5 55.Bf7 Bf5 56.Bb3 h5 57.Bf7 h4
58.Bb3 g4 59.exf4+ Kxf4 60.Bc4 Be4 61.Bb5 g3+ 62.Kf1 Ke3  0-1

[Event "5th GM"]
[Site "Mulhouse FRA"]
[Date "2008.06.29"]
[Round "7"]
[White "Lazic,Mir"]
[Black "Chatalbashev,B"]
[Result "1/2-1/2"]
[WhiteElo "2539"]
[BlackElo "2605"]

1.e4 c5 2.c3 Nf6 3.e5 Nd5 4.d4 cxd4 5.Qxd4 e6 6.Bc4 Nc6 7.Qe4 d6 8.Nf3 dxe5
9.Nxe5 Bd6 10.Nf3 O-O 11.O-O Qc7 12.Bxd5 exd5 13.Qxd5 Bg4 14.Nbd2 Rad8 15.Qc4 Bf5
16.Re1 Rfe8 17.Rxe8+ Rxe8 18.Nf1 Be6 19.Qd3 Ne5  1/2-1/2

[Event "Sparkassen Open"]
[Site "Dortmund GER"]
[Date "2008.06.30"]
[Round "1"]
[White "Naiditsch,M"]
[Black "Marquardt,B"]
[Result "1/2-1/2"]
[WhiteElo "1957"]
[BlackElo "2109"]

1.e4 c5 2.c3 Nf6 3.e5 Nd5 4.d4 cxd4 5.Qxd4 e6 6.Nf3 Nc6 7.Qe4 d6 8.exd6 Bxd6
9.Bb5 Bd7 10.O-O Qc7 11.Nbd2 a6 12.Ba4 b5 13.Bc2 Nf6 14.Qh4 Ne5 15.Nxe5 Bxe5
16.Ne4 Nxe4 17.Bxe4 Bc6 18.Bxc6+ Qxc6 19.Re1 Qc7 20.Qh5 Rd8 21.Bg5 Rd5 22.Bf4 g5
23.Bg3 Bxg3 24.hxg3 Ke7 25.Rad1 Rhd8 26.Rxd5 Rxd5 27.Qxh7 Rd2 28.Qf5 Rxb2
29.Qxg5+ Ke8 30.Qg8+ Ke7  1/2-1/2

[Event "TCh-TUR"]
[Site "Kocaeli TUR"]
[Date "2008.06.30"]
[Round "11"]
[White "Acar,G"]
[Black "Lomineishvili,M"]
[Result "0-1"]
[WhiteElo "1934"]
[BlackElo "2400"]

1.e4 c5 2.c3 Nf6 3.e5 Nd5 4.d4 cxd4 5.cxd4 e6 6.Nf3 d6 7.Bc4 Nb6 8.Bb3 Nc6
9.O-O Be7 10.Nc3 O-O 11.Qe2 a6 12.Rd1 d5 13.Bc2 f5 14.exf6 Bxf6 15.Ne5 Bxe5
16.dxe5 Qh4 17.g3 Qh3 18.a3 Bd7 19.f4 Be8 20.Qg2 Qxg2+ 21.Kxg2 Bh5 22.Rf1 Rac8
23.Bd3 Na5 24.Be3 Nbc4 25.Bxc4 Nxc4 26.Bd4 Nd2 27.b4 Nb3 28.Bc5 Nxc5 29.bxc5 Rxc5
30.Na4 Rc2+ 31.Rf2 Rfc8 32.Ra2 Rxa2 33.Rxa2 b5 34.Nb6 Rc6  0-1

[Event "XII Izmailov Mem"]
[Site "Tomsk RUS"]
[Date "2008.06.30"]
[Round "6"]
[White "Gankin,S"]
[Black "Tologontegin,S"]
[Result "1-0"]
[WhiteElo "2276"]
[BlackElo "2388"]

1.e4 c5 2.c3 Nf6 3.e5 Nd5 4.d4 cxd4 5.Nf3 Nc6 6.cxd4 d6 7.Bc4 Nb6 8.Bb5 d5
9.Nc3 Bf5 10.Nh4 Bd7 11.O-O a6 12.Be2 e6 13.Nf3 Be7 14.Be3 O-O 15.Bd3 Nb4
16.Bb1 Nc4 17.a3 Nc6 18.Qc2 g6 19.Bh6 Re8 20.Ba2 b5 21.Ne2 Qb6 22.Rab1 Rec8
23.Qd3 Qd8 24.Ng3 Rab8 25.h3 N4a5 26.Qe3 b4 27.Rbc1 bxa3 28.bxa3 Rb2 29.Ra1 Nb8
30.Qf4 Bb5 31.Ng5 Qe8 32.Rfc1 Rxc1+ 33.Rxc1 Nac6 34.Bb1 Nd7 35.Qe3 Bc4 36.Bc2 Bf8
37.Bxf8 Nxf8 38.Ba4 Rb6 39.N5e4 Qd8 40.Nf6+ Kh8 41.Bxc6 Rxc6 42.Qh6 Rc8 43.Ngh5 gxh5
44.Nxh5  1-0

[Event "XII Izmailov Mem"]
[Site "Tomsk RUS"]
[Date "2008.06.30"]
[Round "6"]
[White "Ruzhkovich,A"]
[Black "Kaiyrbekov,R"]
[Result "1-0"]
[WhiteElo "2194"]
[BlackElo "2342"]

1.e4 c5 2.c3 Nf6 3.e5 Nd5 4.Nf3 e6 5.d4 cxd4 6.cxd4 b6 7.Nc3 Nxc3 8.bxc3 Qc7
9.Bd2 Be7 10.Bd3 Ba6 11.Bxa6 Nxa6 12.Qe2 Qb7 13.O-O O-O 14.a4 d5 15.Rfb1 Nc7
16.Bg5 Bxg5 17.Nxg5 h6 18.Nf3 Qc6 19.Qd3 Rfc8 20.Nd2 a6 21.f4 b5 22.Nb3 Qc4
23.Nc5 Qxd3 24.Nxd3 bxa4 25.Nc5 Nb5 26.Rc1 a3 27.Kf2 Rc6 28.Ke3 Rac8 29.Kd3 h5
30.g3 Kf8 31.Ra2 Ke7 32.Rf2 g6 33.Rfc2 Rd8 34.Rb1 Rb8 35.Rcc1 Rbc8 36.Ra1 h4
37.g4 h3 38.Ra2 Rb8 39.Rf1 Rbc8 40.Rc2 Rh8 41.f5 exf5 42.gxf5 g5 43.f6+ Ke8
44.Re2 Rxc5 45.dxc5 Kd7 46.e6+ fxe6  1-0

[Event "Duras IM Dopravni"]
[Site "Brno CZE"]
[Date "2008.07.01"]
[Round "6"]
[White "Chladek,Va"]
[Black "Narayanan,Sr"]
[Result "0-1"]
[WhiteElo "2161"]
[BlackElo "2220"]

1.e4 c5 2.c3 Nf6 3.e5 Nd5 4.d4 cxd4 5.Qxd4 e6 6.Nf3 Nc6 7.Qe4 f5 8.Qe2 Qc7
9.g3 d6 10.exd6 Bxd6 11.Nbd2 O-O 12.Nc4 Nf6 13.Nxd6 Qxd6 14.Bg2 e5 15.O-O e4
16.Ng5 h6 17.Qc4+ Qd5 18.Qxd5+ Nxd5 19.Nh3 Ne5 20.Rd1 Be6 21.Nf4 Nxf4 22.Bxf4 Nd3
23.f3 Nxb2 24.Rd6 Rae8 25.fxe4 g5 26.exf5 Bxf5 27.Rd2 Nc4 28.Bd5+ Be6 29.Bxc4 Bxc4
30.Bd6 Rf3 31.Bc5 a5 32.Bd4 a4 33.a3 b5 34.Rc1 Rd3 35.Rf2 Bd5 36.Bc5 Rc8
37.Bb4 Bf3 38.Re1 Rcd8 39.h3 h5 40.Re5 R8d5 41.Re1 g4 42.h4 Kf7 43.Ba5 Kf6
44.Bb4 Re5 45.Rff1 Ke6 46.Rxe5+ Kxe5 47.Re1+ Be4 48.Kf2 Rf3+ 49.Ke2 Rxg3  0-1

[Event "Sparkassen Open"]
[Site "Dortmund GER"]
[Date "2008.07.01"]
[Round "3"]
[White "Strathoff,J"]
[Black "Smolka,A"]
[Result "1/2-1/2"]
[WhiteElo "2017"]
[BlackElo "2102"]

1.e4 c5 2.c3 Nf6 3.e5 Nd5 4.d4 cxd4 5.cxd4 d6 6.Nf3 Nc6 7.exd6 Qxd6 8.Nc3 e6
9.Bc4 Nf6 10.O-O Be7 11.d5 exd5 12.Bxd5 O-O 13.Ne4 Nxe4  1/2-1/2

[Event "Atlantis Meestertienkamp"]
[Site "Groningen NED"]
[Date "2008.07.01"]
[Round "5"]
[White "Brandenburg,D"]
[Black "Kodentsov,G"]
[Result "1/2-1/2"]
[WhiteElo "2435"]
[BlackElo "2275"]

1.e4 c5 2.c3 Nf6 3.e5 Nd5 4.Nf3 Nc6 5.Bc4 Nb6 6.Bb3 d5 7.exd6 Qxd6 8.Na3 Be6
9.d4 Bxb3 10.axb3 cxd4 11.Nb5 Qd7 12.O-O e6 13.Bf4 Nd5 14.Bg3 Rc8 15.Nbxd4 a6
16.Nxc6 Qxc6 17.Re1 Be7 18.Ne5 Qb6 19.Qg4 g6 20.Qa4+ Qb5 21.Qxb5+ axb5 22.Ra5 b4
23.c4 Nc7 24.Ra7 Na6 25.Rxb7 Nc5 26.Ra7 Nxb3 27.Rd1 f6 28.Ng4 Rf8 29.Ne3 Rf7
30.h4 Bc5 31.Rxf7 Kxf7 32.Rd7+ Ke8 33.Rxh7 Bxe3 34.Rh8+ Kd7 35.Rxc8 Kxc8
36.fxe3 Nd2 37.Be1 Nxc4 38.Bxb4 Nxb2  1/2-1/2

[Event "ch-PHI Finals"]
[Site "Mandaluyong PHI"]
[Date "2008.07.01"]
[Round "1"]
[White "Garma,C"]
[Black "So,W"]
[Result "1/2-1/2"]
[WhiteElo "2346"]
[BlackElo "2577"]

1.e4 c5 2.c3 Nf6 3.e5 Nd5 4.d4 cxd4 5.Bc4 Nb6 6.Bb3 Nc6 7.Nf3 d6 8.exd6 Qxd6
9.O-O Be6 10.cxd4 Bxb3 11.Qxb3 e6 12.Nc3 Be7 13.Rd1 Rd8 14.Be3 O-O 15.Rac1 Qb4
16.Qc2 Nd5 17.a3 Qc4 18.Nd2 Qa6 19.Nde4 Qa5 20.Qb3 Rd7 21.Nxd5 Qxd5 22.Qxd5 exd5
23.Nc5 Bxc5 24.Rxc5 f6 25.Kf1 Ne7 26.Rdc1 h5 27.Ke2 Nf5 28.Kd3 g5 29.Rc7 Rfd8
30.R1c5 Kf8 31.Bd2 Ke7 32.Bb4 Ke6 33.Rc2 Rxc7 34.Rxc7 Rd7  1/2-1/2

[Event "XII Izmailov Mem"]
[Site "Tomsk RUS"]
[Date "2008.07.01"]
[Round "7"]
[White "Yudin,S"]
[Black "Zhumabayev,R"]
[Result "1/2-1/2"]
[WhiteElo "2531"]
[BlackElo "2442"]

1.e4 c5 2.c3 Nf6 3.e5 Nd5 4.Nf3 Nc6 5.d4 cxd4 6.cxd4 d6 7.Bc4 Nb6 8.Bb5 dxe5
9.Nxe5 Bd7 10.Nxd7 Qxd7 11.O-O Rd8 12.Nc3 e6 13.Bg5 Be7 14.Bxe7 Qxe7 15.Qf3 O-O
16.Bxc6 bxc6 17.Qxc6 Rxd4 18.Rad1 Rc4 19.Qd6 Qb7 20.Qe5 h6 21.Rd3 Rg4 22.f3 Rg5
23.Qd4 Rc8 24.b3 Qa6 25.Rfd1 Qa3 26.Qe4 Nd5 27.h4 Rf5 28.Nxd5 Rxd5 29.Rxd5 exd5
30.Qxd5  1/2-1/2

[Event "XII Izmailov Mem"]
[Site "Tomsk RUS"]
[Date "2008.07.02"]
[Round "8"]
[White "Novikova,A"]
[Black "Slugin,A"]
[Result "1-0"]
[WhiteElo "2253"]
[BlackElo "2071"]

1.e4 c5 2.c3 Nf6 3.e5 Nd5 4.d4 e6 5.Nf3 Be7 6.c4 Nb6 7.d5 d6 8.Nc3 a6 9.Bf4 dxe5
10.Bxe5 O-O 11.Bd3 exd5 12.cxd5 Bf6 13.O-O Bg4 14.Re1 Bxe5 15.Rxe5 N8d7 16.Re3 Nf6
17.h3 Bxf3 18.Rxf3 Qd6 19.Qc2 c4 20.Bf1 Rac8 21.Rd1 Rfe8 22.Qf5 Re5 23.Qf4 Rd8
24.Bxc4 Nxc4 25.Qxc4 b5 26.Qb3 b4 27.Na4 Rxd5 28.Rxd5 Nxd5 29.Rd3 Qc6 30.Qd1 g6
31.b3 Rd7 32.Qf3 Kg7 33.Kh2 h5 34.g3 Rd6 35.Kg2 h4 36.Nb2 hxg3 37.Kxg3 Qc7
38.Kg2 g5 39.Rxd5 Rg6 40.Nc4 Qb7 41.Nd6 Qa7 42.Nf5+ Kf6 43.Nh4+  1-0

[Event "XII Izmailov Mem"]
[Site "Tomsk RUS"]
[Date "2008.07.02"]
[Round "8"]
[White "Ruzhkovich,A"]
[Black "Tologontegin,S"]
[Result "0-1"]
[WhiteElo "2194"]
[BlackElo "2388"]

1.e4 c5 2.c3 Nf6 3.e5 Nd5 4.Nf3 Nc6 5.Bc4 Nb6 6.Bb3 c4 7.Bc2 Qc7 8.Qe2 g5
9.h3 Bg7 10.Nxg5 Qxe5 11.d4 cxd3 12.Bxd3 Qxe2+ 13.Bxe2 d5 14.f4 O-O 15.O-O d4
16.Bd3 h6 17.Ne4 Rd8 18.Bc2 Be6 19.f5 Bc4 20.Rf2 dxc3 21.bxc3 Nb4 22.Bb3 Nd3
23.Rf1 Nxc1 24.Rxc1 Rac8 25.Nbd2 Bd3 26.a4 Nd5 27.Bxd5 Rxd5 28.g4 Bxe4 29.Nxe4 Rc4
30.Re1 Re5 31.f6 Rcxe4 32.Rxe4 Rxe4 33.fxg7 Re3 34.Rb1 b6 35.Kg2 Rxc3 36.a5 bxa5
37.Rb7 e6 38.Rxa7 Ra3 39.h4 Kxg7 40.Kf2 a4 41.Kg2 Ra1 42.Ra5 a3 43.Ra4 a2
44.Ra5 e5 45.Ra4 e4 46.Rxe4 Rb1  0-1

[Event "Sparkassen Open"]
[Site "Dortmund GER"]
[Date "2008.07.03"]
[Round "6"]
[White "Naiditsch,J"]
[Black "Holmsgaard,H"]
[Result "0-1"]
[WhiteElo "2119"]
[BlackElo "2324"]

1.e4 c5 2.c3 Nf6 3.e5 Nd5 4.d4 cxd4 5.Qxd4 e6 6.Nf3 Nc6 7.Qe4 d6 8.Nbd2 dxe5
9.Nxe5 Nf6 10.Qa4 Qc7 11.Nxc6 Bd7 12.Nf3 Bd6 13.Bg5 Bxc6 14.Bb5 Bxb5 15.Qxb5+ Qd7
16.Qe2 Be7 17.O-O O-O 18.Ne5 Qc7 19.Bf4 Qa5 20.a4 Rac8 21.Rfd1 Rfd8 22.Qb5 Qxb5
23.axb5 Nd5 24.Bg3 f6 25.Nf3 e5 26.h4 Bc5 27.Nd2 Bb6 28.Kf1 Kf7 29.Ke2 Ke6
30.Ne4 h6 31.Nd2 f5 32.h5 Rd7 33.Rdc1 Nf6 34.Rh1 Ng4 35.Nf1 Rd5 36.f3 Nf6
37.Bf2 Rxb5 38.Ra2 Bxf2 39.Kxf2 a6 40.Ne3 f4 41.Nc2 Rd5  0-1

[Event "Greek Cup S/F"]
[Site "Kallithea GRE"]
[Date "2008.07.03"]
[Round "1"]
[White "Siempos,K"]
[Black "Mastrovasilis,A"]
[Result "0-1"]
[WhiteElo "1975"]
[BlackElo "2518"]

1.e4 c5 2.c3 Nf6 3.e5 Nd5 4.d4 cxd4 5.cxd4 e6 6.Bc4 d6 7.Nf3 Nb6 8.Bb3 dxe5
9.dxe5 Qxd1+ 10.Bxd1 Bd7 11.O-O Na6 12.Nc3 Be7 13.Be2 O-O 14.Be3 Rfc8 15.Bxb6 axb6
16.Rfd1 Be8 17.Ne4 Rc2 18.Rd2 Rxd2 19.Nfxd2 Bc6 20.Bxa6 Rxa6 21.a3 Ra5 22.f4 Ra4
23.Re1 Rd4 24.Re2 b5 25.Kf2 Bd8 26.g3 b4 27.Nd6 bxa3 28.bxa3 Bb6 29.Ke1 Ba5
30.Kd1 Bf3  0-1

[Event "XIX ch-Panam U18"]
[Site "Villa Carlos Paz ARG"]
[Date "2008.07.03"]
[Round "6"]
[White "Terao,R"]
[Black "Gallego,G"]
[Result "1-0"]
[WhiteElo "2162"]
[BlackElo "2027"]

1.e4 c5 2.c3 Nf6 3.e5 Nd5 4.d4 cxd4 5.Qxd4 e6 6.Nf3 Nc6 7.Qe4 f5 8.Qe2 Qc7
9.g3 b6 10.Bg2 Ncb4 11.Qd1 Nc6 12.O-O Ba6 13.Re1 Be7 14.Bg5 O-O 15.Bxe7 Ndxe7
16.Na3 b5 17.Qd2 Rad8 18.Rad1 Nd5 19.Nd4 b4 20.c4 Nxd4 21.Qxd4 bxa3 22.cxd5 d6
23.exd6 Qxd6 24.bxa3 Bb7 25.Rxe6 Qxe6 26.dxe6 Rxd4 27.Rxd4 Bxg2 28.Kxg2 Re8
29.Rd6 g6 30.Kf3 Kg7 31.Rd7+ Kf6 32.Rxh7 a6 33.Rf7+ Ke5 34.e7 Ke6 35.Rh7 Kf6
36.h4 a5 37.Ke3 Ke5 38.Kd3 Kd5 39.Rg7 Kc5 40.Rxg6 Rxe7  1-0